Countries that end with -ia - Statistics

General Stats
  • This quiz has been taken 26 times
  • The average score is 32 of 38
Answer Stats
Continent Country % Correct
Europe Estonia
100%
Eurasia Russia
100%
Europe Slovakia
100%
Europe Slovenia
100%
Oceania Australia
95%
Africa Gambia
95%
Europe Lithuania
95%
Africa Namibia
95%
Africa Zambia
95%
Europe Albania
91%
Africa Algeria
91%
South America Bolivia
91%
South America Columbia
91%
Europe Croatia
91%
Europe Latvia
91%
Africa Nigeria
91%
Europe Austria
86%
Europe Bulgaria
86%
Asia Cambodia
86%
Africa Mauritania
86%
Europe Romania
86%
Africa Tanzania
86%
Asia Armenia
82%
Asia India
82%
Asia Indonesia
82%
Africa Liberia
82%
Asia Malaysia
82%
Oceania Micronesia
82%
Europe Serbia
82%
Africa Somalia
82%
Africa Tunisia
82%
Asia Syria
77%
Africa Ethiopia
73%
Europe North Macedonia
73%
Asia Saudi Arabia
68%
Asia Georgia
64%
North America Saint Lucia
64%
Asia Mongolia
59%
No matching quizzes found
Score Distribution
Percent of People with Each Score
Percentile by Number Answered
Your Score History
You have not taken this quiz